Responses for show #3322 - Tuesday, February 2, 1999

Contestants

[<< previous game]

Matt Smith, a graphic designer from Naperville, Illinois

Cheryl Weiss, a social studies teacher from Panama City, Florida

David Tate, an operations research analyst from Vienna, Virginia (whose 1-day cash winnings total $13,700)

[next game >>]

Jeopardy! Round responses

CHILDREN'S LITERATURE
AROUND THE OFFICE
HISTORIC NAMES
TV CHARACTERS
(Alex: You'll have to name the show.)
YOU NEED THERAPY
YOU'RE "NUT"s!
    $100 1
Heidi

Matt
    $100 17
The Temp

Matt
    $100 13
Simon Bolivar (Bolivia)

Cheryl
    $100 2
ER

Cheryl
    $100 8
the spinal column

David
    $100 26
(David: What are...)

wing nuts

DavidMatt
    $200 4
the Cowardly Lion

Cheryl
    $200 11
decaf coffee

Matt
    $200 14
Edward

Cheryl
    $200 3
Bewitched

David
    $200 16
chemotherapy

David
    $200 27
Peanuts

Cheryl
    $300 9
the White Rabbit

David
    $300 12
cubicles

Cheryl
    $300 15
a cardinal

Matt
    $300 5
Beverly Hills, 90210

Cheryl
    $300 18
(David: What is spa therapy?)

hydrotherapy

DavidMatt
    $300 28
walnut

David
    $400 10
(Cheryl: What is Shipwrecked?)

Treasure Island

CherylMatt
    $400 23
"The Dancing Baby"

Cheryl
    $400 21
Franz Schubert

David
    $400 6
The Dukes of Hazzard

Matt
    $400 19
oxygen

Matt
    $1,600 29
doughnut

David
    $500 22
The Wind in the Willows

David
    $500 24
e-mail

David
    $500 25
(David: Who is Columbus?)

Amerigo Vespucci

David
Triple Stumper
    $500 7
(Cheryl: What is Good Times?)

What's Happening!!

CherylMatt
    $500 20
jaundice

Cheryl
    $500 30
Squirrel Nutkin

David

Scores at the first commercial break (after clue 15):

David Cheryl Matt
$600 $300 $1,900

Scores at the end of the Jeopardy! Round:

David Cheryl Matt
$3,700 $1,400 $2,800

Double Jeopardy! Round responses

ODE TO ENGLAND
(Alex: Poetry, obviously!)
CALL ME BILLY
OPERAS & OPERETTAS
BIT ROLES
THIS IS MY COUNTRY
"HEART"Y PHRASES
    $200 2
Hyde Park

David
    $200 21
Billy Wilder

David
    $200 22
Gilbert & Sullivan

David
    $200 16
Steven Spielberg

Cheryl
    $200 11
Iraq

Cheryl
    $200 1
Richard the Lionheart

David
    $400 3
Cheshire

Cheryl
    $400 27
Billy Carter

David
    $400 23
Macbeth

David
    $400 17
Elvis Presley

Cheryl
    $400 12
Israel

Matt
    $400 7
makes the heart grow fonder

David
    $600 4
(Cheryl: What is Piccadilly Circus?)

Trafalgar Square

DavidCheryl
    $600 28
Billy Budd

Cheryl
    $600 24
The Firefly

Triple Stumper
    $600 18
Roger Clemens

David
    $600 13
Greece

Cheryl
    $600 8
(Matt: What is Heart?)

The Blackhearts

DavidMatt
    $800 5
bow bells

Triple Stumper
    $800 29
Billy Barty

Cheryl
    $800 25
(Alex: A minute to go.)

W.H. Auden

David
    $800 19
Larry Flynt

Matt
    $1,000 14
Romania

Cheryl
    $800 9
(David: What is the pure at heart?)

the pure of heart

David
Triple Stumper
    $1000 6
Rowan Atkinson

Cheryl
    $1000 30
Billy Mitchell

David
    $1000 26
Francesca da Rimini

Triple Stumper
    $600 20
The Sands of Iwo Jima

Matt
    $1000 15
(David: What is Japan?)

Peru

DavidCheryl
    $1000 10
(David: What is Heartbreak Hill?)

Heartbreak Ridge

DavidCheryl

Scores at the end of the Double Jeopardy! Round:

David Cheryl Matt
$6,500 $8,000 $4,000

[wagering suggestions for these scores]

Final Jeopardy! Round responses

PRESIDENTIAL FIRSTS
[Vermont became the 14th state in 1791.]
MattWho Washington
$0
DavidWho was Washington?
$1,500
CherylWho was John Adams?
$5,001
George Washington

Final scores:

David Cheryl Matt
$8,000 $2,999 $4,000
2-day champion: $21,700 3rd place: DirecTV Satellite System 2nd place: 14-day British Heritage Tour in United Kingdom

Game dynamics:

Coryat scores:

David Cheryl Matt
$5,300 $7,800 $4,400
22 R
(including 1 DD),
6 W
20 R
(including 1 DD),
3 W
13 R
(including 1 DD),
1 W

Combined Coryat: $17,500

The J! Archive is created by fans, for fans. The Jeopardy! game show and all elements thereof, including but not limited to copyright and trademark thereto, are the property of Jeopardy Productions, Inc. and are protected under law. This website is not affiliated with, sponsored by, or operated by Jeopardy Productions, Inc. Join the discussion at JBoard.tv.